| 000 | 005260000a22001810004500 | ||
|---|---|---|---|
| 003 | MACL | ||
| 005 | 20160402142343.0 | ||
| 008 | 160402b xxu||||| |||| 00| 0 eng d | ||
| 040 |
_aMACL _cMACL |
||
| 041 | _aHindi | ||
| 082 | _a333 MIS | ||
| 100 |
_aमिश्र अनुपम _950084 |
||
| 245 | _aआज भी खरे हैं तालाब | ||
| 260 |
_bअक्षर योजना _c2008 _aनई दिल्ली |
||
| 350 | _a100 | ||
| 650 |
_aEnvironment _950085 |
||
| 942 |
_cHIN _k333/MIS _2ddc |
||
| 999 |
_c41245 _d41245 |
||